Hindi Natya- Vimarsh (Record no. 1311411)

MARC details
000 -LEADER
fixed length control field 00549nam a2200205Ia 4500
005 - DATE AND TIME OF LATEST TRANSACTION
control field 20250505145702.0
008 - FIXED-LENGTH DATA ELEMENTS--GENERAL INFORMATION
fixed length control field 008 250505s9999 xx 000 0 eng d
037 ## - SOURCE OF ACQUISITION
Stock number Textbook
040 ## - CATALOGING SOURCE
Original cataloging agency FML
Language of cataloging hin
Transcribing agency FML
041 ## - LANGUAGE CODE
Language code of text/sound track or separate title hin
Source of code hin
084 ## - COLON CLASSIFICATION NUMBER
Classification number NI44 R0
Assigning agency FML
100 ## - MAIN ENTRY--PERSONAL NAME
Personal name Roy, Gulaab
9 (RLIN) 754199
245 #0 - TITLE STATEMENT
Title Hindi Natya- Vimarsh
260 ## - PUBLICATION, DISTRIBUTION, ETC.
Place of publication, distribution, etc. New Delhi , India
Name of publisher, distributor, etc. Meharchand Lachhmandas. Pvt. Ltd.
Date of publication, distribution, etc. 2020
300 ## - PHYSICAL DESCRIPTION
Extent 178p
365 ## - TRADE PRICE
Price type code INR
Price amount 595
650 ## - SUBJECT ADDED ENTRY--TOPICAL TERM
Topical term or geographic name entry element Music
942 ## - ADDED ENTRY ELEMENTS (KOHA)
Koha item type Textbook
Classification part NI44 R0
Holdings
Withdrawn status Lost status Damaged status Not for loan Home library Current library Date acquired Source of acquisition Cost, normal purchase price Total Checkouts Full call number Barcode Date last seen Price effective from Koha item type
        Department of Music Library Department of Music Library 2025-05-05 Meharchand Lachhmandas Publication 595.00   NI44 R0 MU0016841 2025-05-05 2025-05-05 Textbook
Copyright @ Delhi University Library System